Hygiène de la ferme / (Record no. 125936)

MARC details
000 -LEADER
campo de control de longitud fija 00484nam a2200169 i 4500
001 - NÚMERO DE CONTROL
campo de control 125936
003 - IDENTIFICADOR DE NÚMERO DE CONTROL
campo de control ES-MaACL
005 - FECHA Y HORA DE LA ÚLTIMA TRANSACCIÓN
campo de control 20230906192726.0
007 - CAMPO FIJO DE DESCRIPCIÓN FÍSICA--INFORMACIÓN GENERAL
campo de control de longitud fija t|
008 - DATOS DE LONGITUD FIJA--INFORMACIÓN GENERAL
campo de control de longitud fija 070214s1906 fr r ||||1| fre d
100 1# - ENTRADA PRINCIPAL--NOMBRE DE PERSONA
Nombre de persona Regnard, Paul (
Fechas asociadas al nombre 1850-1927)
9 (RLIN) 150831
245 10 - MENCIÓN DEL TÍTULO
Título Hygiène de la ferme /
Mención de responsabilidad, etc. par P. Regnard et P. Portier.
260 ## - PUBLICACIÓN, DISTRIBUCIÓN, ETC.
Lugar de publicación, distribución, etc. Paris :
Nombre del editor, distribuidor, etc. J. B. Baillière,
Fecha de publicación, distribución, etc. 1906.
300 ## - DESCRIPCIÓN FÍSICA
Extensión XII, 477 p. :
Otras características físicas il. ;
Dimensiones 18 cm.
700 1# - ENTRADA AGREGADA--NOMBRE PERSONAL
Nombre de persona Portier, P.
9 (RLIN) 93242
852 ## - LOCALIZACIÓN
Ubicación ES-MaACL
Número de control de estantería D-3720
Holdings
Estatus retirado Estado de pérdida Estado de daño No para préstamo Biblioteca de origen Biblioteca actual Ubicación en estantería Fecha de adquisición Fuente de adquisición Total de préstamos Signatura topográfica completa Código de barras Visto por última vez Precio de reemplazo Tipo de ítem Koha
        Biblioteca del Ateneo de Madrid Biblioteca del Ateneo de Madrid Sala Valle Inclán 17/01/2008     D-3720 901131183 23/02/2023 23/02/2023 Libro impreso